Kalkulačný systém nákladov a výnosov ako základný predpoklad zavádzania controllingu v banke
Charakteristika bankového controllingu. Katalóg úloh sformulovaný Americkým zväzom controllorov (Financial Executive Institute) v roku 1962. Bankové náklady a výnosy. Pre výpočet bankových nákladov sú základom: kalkulácie v hodnotovej oblasti, kalkulácie v prevádzkovej oblasti, integrovaný model výp...
Salvato in:
| Autore principale: | |
|---|---|
| Altri autori: | |
| Natura: | Capitolo di libro |
| Lingua: | slovacco |
| Soggetti: | |
| Tags: |
Nessun Tag, puoi essere il primo ad aggiungerne!!
|
MARC
| LEADER | 00000naa a2200000 4500 | ||
|---|---|---|---|
| 001 | r034881 | ||
| 005 | 20221207123258.8 | ||
| 041 | 0 | |a slo | |
| 044 | |a SK | ||
| 245 | 1 | 0 | |a Kalkulačný systém nákladov a výnosov ako základný predpoklad zavádzania controllingu v banke |c Mária Režňáková, Alžbeta Foltínová |
| 520 | |a Charakteristika bankového controllingu. Katalóg úloh sformulovaný Americkým zväzom controllorov (Financial Executive Institute) v roku 1962. Bankové náklady a výnosy. Pre výpočet bankových nákladov sú základom: kalkulácie v hodnotovej oblasti, kalkulácie v prevádzkovej oblasti, integrovaný model výpočtu nákladov, kalkulácie nákladov na princípe krycieho príspevku - organická kalkulácia nákladov. | ||
| 610 | 2 | 0 | |a kontroling |
| 610 | 2 | 0 | |a banky |
| 610 | 2 | 0 | |a kalkulácia nákladov |
| 610 | 2 | 0 | |a náklady |
| 610 | 2 | 0 | |a výnosy |
| 100 | 1 | |a Režňáková, Mária | |
| 700 | 1 | |a Foltínová, Alžbeta | |